LDR 00638naa#a2200169#i#450# 001 EN\\bibl\120755 005 20260705135751.7 011 ## _a2782-5256 100 ## _a20251225b2025####ek#y0engy0150####ca 102 ## _aRU 200 1# _aOn the seizure of property as a measure of criminal procedural coercion in the Russian Federation _eJournal article 210 1# _aMoscow _cMoscow University of the Ministry of Internal Affairs of Russia named after V.Ya. Kikot _d2025 215 ## _a3 с. 608 ## _aJournal article _2local 675 ## _aПраво. Юридические науки. 34 _z 700 #1 _aBibikova _gOl'ga Valentinovna 856 4# _amosumvd.editorum.ru _u